000 00951nam a22002897a 4500
001 9670
003 FISKH
005 20260424135056.0
008 260128b cb ||||| |||| 00| 0 eng d
020 _a9780462001258
040 _aFISKH
_beng
_cFISKH
_dFISKH
050 _aPZ7
082 _a372.6
100 _aEdwards, Sarah
_eAuthor
245 _aGo green /
_cWritten by Sarah Edwards
260 _aSingapore :
_bMarshall Cavendish International ,
_c2008
300 _a16 pages :
_bphotographs ;
_c19 cm
490 _aMy pals are here! :
_v15e
505 _aG
520 _aPeople all live on planet Earth. Do you know that some things people do can harm Earth? People need to look after Earth. Do you know how people can help look after Earth?
521 8 _a400
_bLexile estimate
521 8 _aG
_bRaz-Plus
650 _aFacts
_vPlanet Earth
650 _aWhat people do
_vLook after the Earth
942 _2ddc
_cBK
_n0
999 _c9670
_d9670